Представление документа в формате MARC21

Поле Инд. ПП Название Значение
Тип записи a
Библиографический уровень m
001 Контрольный номер 5ef7d6eba2084c98ae215a0e680e4a2d
005 Дата корректировки 20230127090819.1
020 c Цена, тираж 750-00
084 a Индекс другой классификации/Индекс ББК 87
090 a Полочн. индекс 87
c Каталожный индекс 87
x Авторский знак Т 65
097 b Оператор Максимова
245 10 a Заглавие Трансгуманизм: цифровой левиафан и голем-цивилизация
b Продолж. заглавия [12+]
c Ответственность составитель В. Аверьянов
260 c Дата издания 2021
a Место издания Москва
b Издательство Книжный мир
300 a Объем 320 с.
901 t Тип документа m